[Event "Turin-ch"]
[Site "Turin"]
[Date "2009.11.30"]
[Round "4"]
[White "Berutti, Mario"]
[Black "Parodi, Alessandro"]
[Result "0-1"]
[WhiteElo "1796"]
[BlackElo "2087"]
[PlyCount "60"]
[EventDate "2009.11.09"]
[EventType "swiss"]
[EventRounds "7"]
[EventCountry "ITA"]
[SourceTitle "EXT 2012"]
[Source "ChessBase"]
[SourceDate "2011.11.24"]
[SourceVersion "1"]
[SourceVersionDate "2011.11.24"]
[SourceQuality "1"]

1. e4 d6 2. d4 Nf6 3. Nc3 g6 4. Be3 Bg7 5. f3 0-0 6. Qd2 c6 7. h4 h5 8. Bh6 b5 9. Bxg7 Kxg7 10. Bd3 Qa5 11. Nge2 Nbd7 12. g4 Nb6 13. Ng3 Nc4 14. Bxc4 bxc4 15. gxh5 Nxh5 16. b4 cxb3 17. Nxh5+ Qxh5 18. cxb3 Qxf3 19. Rg1 Rh8 20. d5 c5 21. Qb2 Rxh4 22. Ne2+ f6 23. 0-0-0 Rxe4 24. Nc3 Re3 25. Rdf1 Rxc3+ 26. Kb1 Qd3+ 27. Ka1 Rc2 28. Qa3 Bf5 29. Rxf5 Qd4+ 30. Kb1 Qxg1+ 0-1

[Event "Turin Piemonte op 9th"]
[Site "Turin"]
[Date "2009.09.18"]
[Round "1"]
[White "Grattarola, Fabio"]
[Black "Berutti, Mario"]
[Result "1/2-1/2"]
[WhiteElo "2081"]
[BlackElo "1718"]
[PlyCount "83"]
[EventDate "2009.09.18"]
[EventType "swiss"]
[EventRounds "5"]
[EventCountry "ITA"]
[SourceTitle "EXT 2012"]
[Source "ChessBase"]
[SourceDate "2011.11.24"]
[SourceVersion "1"]
[SourceVersionDate "2011.11.24"]
[SourceQuality "1"]

1. d4 d5 2. Nf3 f5 3. g3 Nf6 4. Bg2 e6 5. Ne5 Bd6 6. Nd2 0-0 7. Ndf3 Bd7 8. 0-0 Be8 9. c4 c6 10. c5 Bc7 11. Bf4 Ne4 12. h4 Bh5 13. Qb3 b6 14. cxb6 axb6 15. Rac1 c5 16. a3 Bxe5 17. Bxe5 Bxf3 18. Bxf3 Nd2 19. Qc3 Nxf1 20. dxc5 bxc5 21. Kxf1 Nd7 22. Bd6 Rf7 23. Bxc5 Rc8 24. b4 Nxc5 25. bxc5 Rfc7 26. Qa5 Qe7 27. c6 Qd6 28. Qa6 Rxc6 29. Qxc8+ Rxc8 30. Rxc8+ Kf7 31. a4 Qa6 32. Rc7+ Kf6 33. Kg2 Qxa4 34. e3 Qb5 35. Bh5 g6 36. Bf3 h5 37. Rc2 e5 38. Rd2 e4 39. Be2 Qc5 40. Rd4 Ke5 41. Ba6 Qb6 42. Be2 1/2-1/2

[Event "Piemonte-ch"]
[Site "Turin"]
[Date "2008.04.25"]
[Round "6"]
[White "Berutti, Mario"]
[Black "Trusso Cafarello, Sebastiano"]
[Result "1-0"]
[WhiteElo "1757"]
[BlackElo "1521"]
[PlyCount "39"]
[EventDate "2008.04.20"]
[EventType "swiss"]
[EventRounds "9"]
[EventCountry "ITA"]
[SourceTitle "EXT 2011"]
[Source "ChessBase"]
[SourceDate "2010.11.26"]
[SourceVersion "1"]
[SourceVersionDate "2010.11.26"]
[SourceQuality "1"]

1. e4 e6 2. d4 d5 3. e5 c5 4. c3 cxd4 5. cxd4 Bb4+ 6. Nc3 Ne7 7. f4 0-0 8. Nf3 Nbc6 9. Bd3 Ng6 10. 0-0 Nh4 11. Bxh7+ Kxh7 12. Ng5+ Kg6 13. Qg4 f5 14. Qxh4 Rh8 15. Qg3 Kh5 16. Nf7 Qh4 17. Qxg7 Bd7 18. Nxh8 Ne7 19. Qh7+ Kg4 20. h3+ 1-0

[Event "Piemonte-ch"]
[Site "Turin"]
[Date "2008.04.25"]
[Round "7"]
[White "Tallarico, Pierfrancesco"]
[Black "Berutti, Mario"]
[Result "1-0"]
[WhiteElo "1882"]
[BlackElo "1757"]
[PlyCount "115"]
[EventDate "2008.04.20"]
[EventType "swiss"]
[EventRounds "9"]
[EventCountry "ITA"]
[SourceTitle "EXT 2011"]
[Source "ChessBase"]
[SourceDate "2010.11.26"]
[SourceVersion "1"]
[SourceVersionDate "2010.11.26"]
[SourceQuality "1"]

1. c4 e6 2. Nc3 d5 3. cxd5 exd5 4. d4 f5 5. Nf3 Nf6 6. Bg5 c6 7. e3 Bd6 8. Bd3 0-0 9. Qc2 h6 10. Bxf6 Qxf6 11. 0-0 Bd7 12. a3 Be8 13. Qb3 Nd7 14. g3 b6 15. Nh4 Qg5 16. f4 Qe7 17. Rae1 g6 18. e4 Qg7 19. e5 Be7 20. Nf3 Kh8 21. Rc1 g5 22. Ne2 g4 23. Ne1 Rc8 24. Ng2 h5 25. Ne3 Bg6 26. Ba6 Rc7 27. Qa4 b5 28. Bxb5 Nb6 29. Qb3 c5 30. dxc5 Bxc5 31. Qd3 Rfc8 32. b4 Bxe3+ 33. Qxe3 Nc4 34. Bxc4 dxc4 35. Rc3 Qd7 36. Nd4 Qd5 37. Rd1 Be8 38. Rd2 Rd7 39. e6 Rd6 40. Nf3 Qxe6 41. Qxe6 Rxe6 42. Ne5 a5 43. bxa5 Ra6 44. Rxc4 Rb8 45. Rc5 h4 46. Kf2 hxg3+ 47. hxg3 Kg7 48. Nc4 Rb3 49. Ne3 Rxa3 50. Nxf5+ Kh7 51. Ne3 Bc6 52. Rh5+ Kg7 53. Nf5+ Kg6 54. Rd6+ Kf7 55. Rh7+ Kg8 56. Rg7+ Kf8 57. Rf6+ Ke8 58. Nd6+ 1-0

[Event "Piemonte-ch"]
[Site "Turin"]
[Date "2008.04.21"]
[Round "2"]
[White "Di Chiara, Mauro"]
[Black "Berutti, Mario"]
[Result "1/2-1/2"]
[WhiteElo "1823"]
[BlackElo "1757"]
[PlyCount "99"]
[EventDate "2008.04.20"]
[EventType "swiss"]
[EventRounds "9"]
[EventCountry "ITA"]
[SourceTitle "EXT 2011"]
[Source "ChessBase"]
[SourceDate "2010.11.26"]
[SourceVersion "1"]
[SourceVersionDate "2010.11.26"]
[SourceQuality "1"]

1. Nf3 d5 2. d4 f5 3. c4 e6 4. Nc3 Nf6 5. Bf4 c6 6. e3 Bd6 7. Ne5 0-0 8. Qc2 Ne4 9. h4 Nd7 10. Nxe4 fxe4 11. Nxc6 Qc7 12. Ne7+ Kh8 13. Bxd6 Qxd6 14. Nxc8 Raxc8 15. Be2 e5 16. 0-0 Qf6 17. g3 exd4 18. exd4 Qxd4 19. Rad1 Qc5 20. b4 Qxb4 21. Rxd5 Nb6 22. Rd4 e3 23. f4 Rcd8 24. Qe4 Rxd4 25. Qxd4 Qd2 26. Qxd2 exd2 27. Rd1 Rd8 28. Kf2 Na4 29. Ke3 Nc3 30. Rxd2 Rxd2 31. Kxd2 Ne4+ 32. Kd3 Nxg3 33. Bg4 Kg8 34. c5 Kf8 35. a4 Ke7 36. a5 Kd8 37. Kc4 g6 38. Kd5 Kc7 39. Ke6 Nf1 40. Kf6 Ne3 41. Bf3 Nf5 42. h5 Nd4 43. hxg6 hxg6 44. Be4 Nb3 45. Kxg6 Nxc5 46. Bc2 Kc6 47. f5 Kb5 48. f6 Nd7 49. Be4 Kxa5 50. Bxb7 1/2-1/2

[Event "Piemonte-ch 06"]
[Site "Turin"]
[Date "2005.12.08"]
[Round "7"]
[White "Roversi, Stefano"]
[Black "Berutti, Mario"]
[Result "1-0"]
[WhiteElo "1866"]
[BlackElo "1862"]
[PlyCount "67"]
[EventDate "2005.12.03"]
[EventType "swiss"]
[EventRounds "7"]
[EventCountry "ITA"]
[SourceTitle "EXT 2008"]
[Source "ChessBase"]
[SourceDate "2007.11.25"]
[SourceVersion "1"]
[SourceVersionDate "2007.11.25"]
[SourceQuality "1"]

1. e4 e5 2. Nf3 Nf6 3. Nxe5 d6 4. Nf3 Nxe4 5. d4 d5 6. Bd3 Bd6 7. 0-0 0-0 8. c4 c6 9. cxd5 cxd5 10. Nc3 Nxc3 11. bxc3 Bg4 12. h3 Bh5 13. g4 Bg6 14. Bg5 Qd7 15. Bxg6 hxg6 16. Ne5 Qc7 17. Qb3 Bxe5 18. dxe5 Qxe5 19. Qxb7 Qxg5 20. Qxa8 Nd7 21. Qxa7 Ne5 22. f4 Qh4 23. Qf2 Qxh3 24. fxe5 Qxg4+ 25. Qg2 Qe6 26. Rfe1 Rc8 27. Re3 Qb6 28. Qf2 d4 29. Rf3 g5 30. Rxf7 Qg6 31. Rf1 dxc3 32. Rf8+ Rxf8 33. Qxf8+ Kh7 34. Qf5 1-0

[Event "Turin Piemonte op 6th"]
[Site "Turin"]
[Date "2005.11.25"]
[Round "5"]
[White "Berutti, Mario"]
[Black "Liviabella, Lucio"]
[Result "1-0"]
[WhiteElo "1862"]
[BlackElo "1568"]
[PlyCount "61"]
[EventDate "2005.11.18"]
[EventType "swiss"]
[EventRounds "9"]
[EventCountry "ITA"]
[SourceTitle "EXT 2007"]
[Source "ChessBase"]
[SourceDate "2006.11.23"]
[SourceVersion "1"]
[SourceVersionDate "2006.11.23"]
[SourceQuality "1"]

1. d4 Nf6 2. c4 d6 3. Nc3 g6 4. e4 Bg7 5. f3 0-0 6. Be3 Nbd7 7. Qd2 b6 8. Bh6 Nh5 9. g4 Bxh6 10. Qxh6 Ng7 11. h4 e5 12. h5 g5 13. Bd3 f5 14. exf5 exd4 15. f6 Nxf6 16. Nd5 Nge8 17. Qxg5+ Kh8 18. Qh6 Rf7 19. Bg6 Nxd5 20. Bxf7 Qe7+ 21. Ne2 Qxf7 22. cxd5 Nf6 23. 0-0-0 Nxd5 24. Nxd4 Bb7 25. g5 Qf4+ 26. Kb1 Rg8 27. Ne6 Qf5+ 28. Ka1 Bc8 29. g6 Rxg6 30. hxg6 Nf6 31. Qg7# 1-0

[Event "Turin-ch op 18th"]
[Site "Torino"]
[Date "2001.02.??"]
[Round "7"]
[White "Berutti, Mario"]
[Black "Digiugno, Franco"]
[Result "1/2-1/2"]
[WhiteElo "1849"]
[BlackElo "2145"]
[PlyCount "100"]
[EventDate "2001.02.??"]
[EventType "swiss"]
[EventRounds "8"]
[EventCountry "ITA"]
[SourceTitle "EXT 2024"]
[Source "ChessBase"]
[SourceDate "2023.10.10"]
[SourceVersion "1"]
[SourceVersionDate "2023.10.10"]
[SourceQuality "1"]

1. d4 Nf6 2. f4 d5 3. Nf3 Nbd7 4. e3 e6 5. Bd3 c5 6. c3 Be7 7. 0-0 0-0 8. Nbd2 b6 9. Ne5 Bb7 10. Rf3 Ne4 11. Rh3 f5 12. Qh5 Ndf6 13. Qh4 h6 14. Ng6 Rf7 15. Nf3 Ng4 16. Qh5 Nef2 17. Nfe5 Nxh3+ 18. gxh3 Nf6 19. Qf3 Bd6 20. Nxf7 Kxf7 21. Ne5+ Bxe5 22. fxe5 Ng8 23. Bd2 g6 24. Kh1 Ne7 25. Rg1 Qh8 26. Be1 Rg8 27. Bh4 g5 28. Qh5+ Ng6 29. Be1 c4 30. Bf1 Kf8 31. Qd1 b5 32. a4 a6 33. axb5 axb5 34. Qa1 Qh7 35. Be2 Qd7 36. Bh5 Kg7 37. h4 Nxe5 38. hxg5 Kh7 39. Qd1 Nd3 40. Qf3 Rxg5 41. Rxg5 hxg5 42. Qh3 Kg8 43. Bg3 Bc8 44. Bg6 f4 45. exf4 gxf4 46. Bxd3 cxd3 47. Bxf4 Qh7 48. Qxh7+ Kxh7 49. Kg2 Kg6 50. Kf3 Kf5 1/2-1/2